000 00681nam a2200205Ia 4500
001 14069
003 GE_BSU
008 181216s||||||||xx |||||||||||||| ||und||
040 _cGE_BSU
080 _a624.94(076)
100 _aРабинович,С.Г. Скворцов,А.П.
245 _aОпалубочные работы в промышленном строительстве.
245 _cРед. Л.Н.Зворыкина.
260 _aМ.
260 _bГосстройиздат.
260 _c1963.
300 _a311 стр. с илл. 18 см.
653 _aОпалубочные работы в промышленном строительстве.
942 _cBK
999 _c47209
_d47209